000 00707nam a2200253 i 4500
001 C2-0278202
003 PPAK
005 20180728005928.0
008 070301s my a|||| ||||| | may d
020 _a9833023029
040 _aPPAK
_beng
_cPPAK
_erda
082 0 4 _a398.22
_223
090 0 0 _a398.22
_bSIN
_dK
245 0 0 _aSinbad dan mutiara gergasi
264 1 _aBatu Caves, Selangor :
_bKiddibird Sdn Bhd ,
300 _a[15 pages] :
_bcolour illustrations ;
_c38 cm
336 _2rdacontent
_atext
337 _2rdamedia
_aunmediated
338 _2rdacarrier
_avolume
490 1 _aSiri Pengembaraan Sinbad
650 1 0 _aFolk literature.
830 0 _aSiri Pengembaraan Sinbad
942 _ddc
_cB
999 _c85196
_d85196